| 000 | 00503nam a2200157 i 4500 | ||
|---|---|---|---|
| 001 | 142689 | ||
| 003 | ES-MaACL | ||
| 005 | 20230906200609.0 | ||
| 007 | t| | ||
| 008 | 071009s1949 sp ||||1| spa d | ||
| 100 | 1 |
_aVian Ortuño, Ángel. _9114278 |
|
| 245 | 1 | 0 |
_aSistemas de medida y conversación de fórmulas y cuantías en tecnología química / _cAngel Vian Ortuño. |
| 260 |
_aMadrid : _bAguilar, _c[1949] |
||
| 300 |
_aXVI, 109 p., 1 h. pleg. ; _c19 cm. |
||
| 852 |
_aES-MaACL _jB-7560 _bR.28964 |
||
| 999 |
_c142689 _d142689 |
||